Statistiques concernant Mascottes des coupes du monde

Cliquez ici pour prendre le quiz!

Statistiques générales

  • Ce quiz a été pris 8 fois
  • Le résultat moyen est 1 sur 15

Statistiques - réponses

Réponse% Correct
Footix
71%
Gauchito​
14%
Juanito
14%
La'ebb
14%
Naranjito​
14%
Ciao
0%
Fuleco
0%
Goleo 06 et son ballon Pille​
0%
les Sphériks​
0%
Pique
0%
Striker​
0%
Tip et Tap
0%
World Cup Willie
0%
zabivaka
0%
Zukami
0%

Distribution des résultats

Percentile par nombre de réponses

% des personnes avec chaque résultat

Votre développement - résultats

Vous n’avez pas pris ce quiz